Advertising and Promotion (Record no. 5341)
[ view plain ]
| 000 -LEADER | |
|---|---|
| fixed length control field | 00330nam a2200145Ia 4500 |
| 008 - FIXED-LENGTH DATA ELEMENTS--GENERAL INFORMATION | |
| fixed length control field | 191201s2011 xx 000 0 und d |
| 082 ## - DEWEY DECIMAL CLASSIFICATION NUMBER | |
| Classification number | 659.1 |
| Item number | BEA |
| 100 ## - MAIN ENTRY--PERSONAL NAME | |
| Personal name | BESTERFIELD,Date H |
| 245 #0 - TITLE STATEMENT | |
| Title | Advertising and Promotion |
| 250 ## - EDITION STATEMENT | |
| Edition statement | Rep |
| 260 ## - PUBLICATION, DISTRIBUTION, ETC. (IMPRINT) | |
| Place of publication, distribution, etc | N.Delhi |
| Name of publisher, distributor, etc | TMH |
| Date of publication, distribution, etc | 2011 |
| 300 ## - PHYSICAL DESCRIPTION | |
| Extent | 1075 |
| 650 ## - SUBJECT ADDED ENTRY--TOPICAL TERM | |
| Topical term or geographic name as entry element | MBA |
| 942 ## - ADDED ENTRY ELEMENTS (KOHA) | |
| Source of classification or shelving scheme | Dewey Decimal Classification |
| Koha item type | Text Books |
| Withdrawn status | Lost status | Source of classification or shelving scheme | Damaged status | Not for loan | Collection code | Home library | Current library | Date acquired | Source of acquisition | Cost, normal purchase price | Bill Number | Total Checkouts | Full call number | Acc. no. / Barcode | Date last seen | Bill Date | Koha item type |
|---|---|---|---|---|---|---|---|---|---|---|---|---|---|---|---|---|---|
| Dewey Decimal Classification | MBA | PIET C-LIBRARY | PIET C-LIBRARY | 11/07/2012 | IBH, New Delhi | 599.00 | 4894 | 659.1 BEA | 19959 | 04/12/2019 | 04/07/2012 | Text Books | |||||
| Dewey Decimal Classification | MBA | PIET C-LIBRARY | PIET C-LIBRARY | 11/07/2012 | IBH, New Delhi | 599.00 | 4894 | 659.1 BEA | 19960 | 04/12/2019 | 04/07/2012 | Text Books | |||||
| Dewey Decimal Classification | MBA | PIET C-LIBRARY | PIET C-LIBRARY | 11/07/2012 | IBH, New Delhi | 599.00 | 4894 | 659.1 BEA | 19961 | 04/12/2019 | 04/07/2012 | Text Books | |||||
| Dewey Decimal Classification | MBA | PIET C-LIBRARY | PIET C-LIBRARY | 11/07/2012 | IBH, New Delhi | 599.00 | 4894 | 659.1 BEA | 19962 | 04/12/2019 | 04/07/2012 | Text Books | |||||
| Dewey Decimal Classification | MBA | PIET C-LIBRARY | PIET C-LIBRARY | 11/07/2012 | IBH, New Delhi | 599.00 | 4894 | 659.1 BEA | 19963 | 04/12/2019 | 04/07/2012 | Text Books | |||||
| Dewey Decimal Classification | MBA | PIET C-LIBRARY | PIET C-LIBRARY | 11/07/2012 | IBH, New Delhi | 599.00 | 4894 | 659.1 BEA | 19964 | 04/12/2019 | 04/07/2012 | Text Books | |||||
| Dewey Decimal Classification | MBA | PIET C-LIBRARY | PIET C-LIBRARY | 11/07/2012 | IBH, New Delhi | 599.00 | 4894 | 659.1 BEA | 19965 | 04/12/2019 | 04/07/2012 | Text Books |